Canciones latinoamericanas de concierto /
Nacida en Michoacán, la soprano Hortensia Cervantes se formó en la Escuela Nacional de Música y en la Academia de Opera de Bellas Artes, especializándose en Alemania e Italia. Ha desempeñado personajes de óperas de Puccini (La Bohemia, Turandot, Gianni Schicchi, Suor Angelica); Verdi (La Traviata, F...
Uloženo v:
| Hlavní autor: | |
|---|---|
| Další autoři: | , , , , , , , , , , |
| Médium: | Zvuková nahrávka |
| Jazyk: | španělština |
| Vydáno: |
México :
Quindecim Recordings,
2000, c2000
|
| Témata: | |
| Tagy: |
Žádné tagy, Buďte první, kdo vytvoří štítek k tomuto záznamu!
|
MARC
| LEADER | 00000njm^a2200000^a^4500 | ||
|---|---|---|---|
| 001 | 000186626 | ||
| 005 | 20251020000000.0 | ||
| 009 | 20260310102233.283 | ||
| 037 | |a Acervo ITESO - Biblioteca | ||
| 041 | |a SON | ||
| 041 | |a ESP | ||
| 082 | |a 781. 7110972 |b CER | ||
| 100 | |a Cervantes, Hortensia |e (voz) | ||
| 245 | 1 | 0 | |b Canciones latinoamericanas de concierto / |c Soprano H. Cervantes ; piano D. Ordax ; texto del folleto de R. Bañuelas. |
| 264 | 4 | |a México : |b Quindecim Recordings, |c 2000, c2000 | |
| 300 | |a 1 disco compacto sonoro (45 min.) + |e 1 folleto (16 p.) | ||
| 336 | |a música interpretada |b prm |2 rdacontenido | ||
| 337 | |a audio |b s |2 rdamedio | ||
| 338 | |a disco sonoro |b sd |2 rdasoporte | ||
| 520 | |a Nacida en Michoacán, la soprano Hortensia Cervantes se formó en la Escuela Nacional de Música y en la Academia de Opera de Bellas Artes, especializándose en Alemania e Italia. Ha desempeñado personajes de óperas de Puccini (La Bohemia, Turandot, Gianni Schicchi, Suor Angelica); Verdi (La Traviata, Falstaff, Baile de máscaras); Bizet (Carmen); Handel (El Mesías); Mozart (Las bodas de Fígaro, Flauta mágica); Poulenc (Les Mamelles de Tiresias); Beethoven (Fidelio), entre otros. También se ha desempeñado como soprano solista en obras de Bach, Mozart, Fauré, Mahler, por citar algunos. Obtuvo el Premio de la Unión de Críticos de Teatro y Música. | ||
| 546 | |a Edición bilingüe español-inglés (folleto) | ||
| 649 | |a XX | ||
| 650 | |a Guitarra - |z México - |x Intérpretes Mexicanos | ||
| 650 | |a Guitarra - |z Latinoamérica - |x Intérpretes Mexicanos | ||
| 650 | |a Canción (Música de Concierto - |z México - |x Intérpretes Mexicanos | ||
| 650 | |a Canción (Música de Concierto - |z Latinoamérica - |x Intérpretes Mexicanos | ||
| 650 | |a Música Vocal - |z México - |x Intérpretes Mexicanos | ||
| 650 | |a Música Vocal - |z Latinoamérica - |x Intérpretes Mexicanos | ||
| 650 | |a Música de Cámara - |z México - |x Intérpretes Mexicanos | ||
| 650 | |a Música de Cámara - |z Latinoamérica - |x Intérpretes Mexicanos | ||
| 650 | |a Música de Concierto - |z México - |x Intérpretes Mexicanos | ||
| 650 | |a Música de Concierto - |z Latinoamérica - |x Intérpretes Mexicanos | ||
| 650 | |a Música Mexicana - |x Intérpretes Mexicanos | ||
| 650 | |a Música Mexicana - |y Siglo XX | ||
| 650 | |a Música Latinoamericana - |x Intérpretes Mexicanos | ||
| 650 | |a Música Latinoamericana - |y Siglo XX | ||
| 650 | |a Guastavino, Carlos | ||
| 650 | |a Ginastera, Alberto | ||
| 650 | |a Hernández, Gisela | ||
| 650 | |a Valdés, Gilberto | ||
| 650 | |a Galindo, Blas | ||
| 650 | |a Moreno, Salvador | ||
| 650 | |a Bañuelas, Roberto | ||
| 650 | |a Velázquez, Leonardo | ||
| 650 | |a Lavalle, Armando | ||
| 650 | |a Cervantes, Hortensia | ||
| 700 | |a Ordax, Diego |e (ejecución musical) | ||
| 700 | |a Guastavino, Carlos |e (música) | ||
| 700 | |a Ginastera, Alberto |e (música) | ||
| 700 | |a Hernández, Gisela |e (música) | ||
| 700 | |a Valdés, Gilberto |e (música) | ||
| 700 | |a Galindo, Blas |e (música) | ||
| 700 | |a Moreno, Salvador |e (música) | ||
| 700 | |a Bañuelas, Roberto |e (música) | ||
| 700 | |a Velázquez, Leonardo |e (música) | ||
| 700 | |a Lavalle, Armando |e (música) | ||
| 700 | |a Bañuelas, Roberto |e (texto del folleto) | ||
| 910 | |a Fondo General | ||
| 920 | |a Sonoros - CDs | ||
| 940 | |a CDs de Música | ||
| 905 | |a 401 | ||
| 901 | |a 0500128273 |b IT2 |c CDM |u 20250521 | ||
| 901 | |a 0500128267 |b IT2 |c MIM |u 20251020 | ||
| 902 | |a https://opac.biblio.iteso.mx/vufind/Record/000186626 | ||